000 00597nam a2200241Ia 4500
003 OSt
005 20220918212121.0
006 a|||||r|||| 00| 0
007 ta
008 220917b |||||||| |||| 00| 0 eng d
024 _a127,314
037 _cTextual
040 _aARTS
_cARTS
_beng
041 _2eng
_aeng
082 _aX, M2
100 _aSen Amartya
245 0 _aChoice welfare and measurement
260 _aOxford
_bBasil Blackwell
_c1982
300 _avii,460p.
_ccm.
650 _aECONOMICS
942 _hX, M2
_cTEXL
_2CC
999 _c250456
_d250456